100 selected stories
Sparad:
| Huvudupphovsman: | |
|---|---|
| Materialtyp: | Bok |
| Språk: | English |
| Publicerad: |
Lodon
Wordsworth classics
2012
|
| Ämnen: | |
| Taggar: |
Lägg till en tagg
Inga taggar, Lägg till första taggen!
|
| Thư viện lưu trữ: | Trung tâm Học liệu Lê Vũ Hùng, Trường Đại học Đồng Tháp |
|---|
| LEADER | 00741pam a22002658a 4500 | ||
|---|---|---|---|
| 001 | 00037027 | ||
| 005 | 20171026081023.0 | ||
| 008 | 170418s2012 ||||||engsd | ||
| 020 | # | # | |c 150000 |a 9781853262418 |
| 041 | 0 | # | |a eng |
| 082 | 1 | 4 | |a 813 |b M458TR |
| 100 | 1 | # | |a Henry, O. |
| 245 | 1 | 0 | |a 100 selected stories |c O'Henry; Cedric Watts (introduction) |
| 260 | # | # | |a Lodon |b Wordsworth classics |c 2012 |
| 300 | # | # | |a 735 p. |c 21 cm. |
| 653 | # | # | |a Truyện ngắn |
| 653 | # | # | |a Tuyển tập |
| 653 | # | # | |a Văn học Mỹ |
| 852 | # | # | |b Kho đọc |j KD.0019894 |
| 852 | # | # | |j KD.0019894 |
| 910 | |d 18/04/2017 | ||
| 980 | # | # | |a Trung tâm Học liệu Lê Vũ Hùng, Trường Đại học Đồng Tháp |


